| 000 | 00551nam a2200169 4500 | ||
|---|---|---|---|
| 001 | 143474 | ||
| 003 | ES-MaACL | ||
| 005 | 20230906200827.0 | ||
| 007 | t| | ||
| 008 | 070214s1968 sp r ||||1| spa d | ||
| 245 | 0 | 0 | _aSentencias del Tribunal Arbitral de Seguros. |
| 260 |
_aMadrid : _bDirección General del Tesoro y Presupuestos, _c1968. |
||
| 300 |
_a38 h. ; _c23 cm. |
||
| 500 | _acorresponden al mes de noviembre de 1968. | ||
| 710 | 2 |
_aEspaña. _bDirección General del Tesoro y Presupuestos. _93794 |
|
| 852 |
_aES-MaACL _j2067-F-5 _bR.68595 |
||
| 999 |
_c143474 _d143474 |
||